The I.S.O. system of units : an introduction
Αποθηκεύτηκε σε:
| Κύριος συγγραφέας: | |
|---|---|
| Μορφή: | Βιβλίο |
| Γλώσσα: | English |
| Δημοσίευση: |
England :
Argus Books,
c1991
|
| Θέματα: | |
| Ετικέτες: |
Προσθήκη ετικέτας
Δεν υπάρχουν, Καταχωρήστε ετικέτα πρώτοι!
|
MARC
| LEADER | 00000nam a2200000 i 4500 | ||
|---|---|---|---|
| 001 | 1/16903 | ||
| 008 | 980827s1991 eng d | ||
| 020 | |a 1-85486-063-1 | ||
| 035 | |l 10020364 | ||
| 040 | |a GR-MY-UA |b gre |e aacr | ||
| 041 | 0 | |a eng | |
| 082 | 0 | |a 530.812 | |
| 100 | 1 | |a Walshaw, T. D. | |
| 245 | 1 | 4 | |a The I.S.O. system of units : |b an introduction / |c T. D. Walshaw |
| 260 | |a England : |b Argus Books, |c c1991 | ||
| 300 | |a 96 p. |b tables | ||
| 500 | |a A guide to the new metric system | ||
| 650 | 0 | 0 | |a Metric system. |
| 852 | |a INST |b LESVOS |e 19980827 |h 530.812 WAL |p 005100017698 |q 005100017698 |t BK |y 0 | ||
| 901 | |a BIBL1-1999-1 | ||
| 909 | |a Λ |b 059055 | ||
| 922 | |a 1ΕΛΗ |b 199808 |c ΚΠΣ/ΤΠ |d ΠΑΠΑΣΩΤΗΡΙΟΥ | ||
| 950 | |a 107-1998-07-17 | ||
| 970 | |z 2000/06/ΟΙΚΟΝΟΜΟΠΟΥΛΟΥ ΧΡΙΣΤΙΝΑ | ||